000 00624nam a22002177a 4500
003 OSt
005 20140310183122.0
008 130515t xxu||||| |||| 00| 0 eng d
020 _a97123365917
050 _aPN524
_b.B298 2003
082 _aF 808.8
_b.B29 2003
245 _aWorld literature
_b(a tertiary textbook for literature II under the new curriculum) /
_cBascara, Linda R.
250 _arevised ed.
260 _aManila :
_bRex Book Store,
_c2003.
300 _axxii, 373 p. ;
_c23 cm.
521 _acollege students
526 _c1210L-1700L
541 _j1
562 _e1
942 _2lcc
_cBK
_kFIL
999 _c18953
_d18953